Os 15 principais países afetados pela Covid-19 - 14 de maio - Statistics

Estatísticas Gerais
  • Esse quiz foi jogado 5 vezes
  • A pontuação média é 13 de 24
Estatísticas das Respostas
país % Correto
China
100%
Estados Unidos
100%
Rússia
100%
Alemanha
75%
Brasil
75%
Espanha
75%
França
75%
Itália
75%
Portugal
75%
Bélgica
50%
Canadá
50%
Índia
50%
Irão
50%
Irlanda
50%
Peru
50%
Reino Unido
50%
Suécia
50%
Suíça
50%
Turquia
50%
Catar
25%
Bahrein
0%
Bielorrússia
0%
Kuweit
0%
Singapura
0%
Nenhum quiz correspondente encontrado
Distribuição das Pontuações
Porcentagem de Pessoas com Cada Pontuação
Percentil de Números Respondidos
Sua Pontuação Histórica
Você não jogou esse quiz